Famous personalities - Statistics

General Stats
  • This quiz has been taken 217 times
  • The average score is 11 of 15
Answer Stats
Picture Answer % Correct
Michael Jackson
92%
Dwayne Johnson
88%
Lionel Messi
85%
Spongebob
83%
Will Smith
81%
Elvis Presley
78%
Snoop Dog
78%
Diego Maradona
77%
Winston Churchill
76%
Michelle Obama
74%
Prince Charles
70%
Elton John
68%
Jennifer Aniston
67%
Tom Cruise
64%
Mahatma Ghandi
63%
No matching quizzes found
Score Distribution
Percent of People with Each Score
Percentile by Number Answered
Your Score History
You have not taken this quiz